000 00319 a2200157 4500
001 193026
020 _a85-7673-010-3
040 _cMagnum
100 _aTavares, Ulisses
240 1 0 _aQuem é ela?
_lpor
245 1 0 _aQuem é ela?
300 _a
362 0 _a2005
697 _aLITERATURA INFANTIL
942 _cBK
999 _c193026
_d193026